| 000 | 00377nam a22001577a 4500 | ||
|---|---|---|---|
| 003 | OSt | ||
| 005 | 20211025155049.0 | ||
| 008 | 211025b |||||||| |||| 00| 0 eng d | ||
| 020 | _a0314161430 | ||
| 040 |
_aHU _cDDC |
||
| 082 |
_2Sixth Edition _a347.736 |
||
| 245 | _aMc CORMICK ON EVIDENCE | ||
| 260 |
_aWEST _bTHOMSON _c2006 |
||
| 300 | _aXXV,930P32CM | ||
| 942 |
_2ddc _cBOOKS _n0 |
||
| 999 |
_c14765 _d14765 |
||